Řeky v ČR (extrémní verze) - Statistics

General Stats
  • This quiz has been taken 590 times
    476 since last reset
  • The average score is 37 of 114
Answer Stats
Celková délka v km Řeka % Correct
430,2 Vltava
98%
1 094,0 Labe
97%
353,1 Morava
92%
139,45 Berounka
87%
854,3 Odra
86%
304,6 Ohře
84%
234,2 Dyje
83%
225,93 Sázava
83%
168,49 Svratka
80%
106,5 Mže
75%
167,04 Jizera
72%
32,5 Orlice
69%
103,96 Úhlava
69%
96,26 Úslava
68%
111,7 Otava
67%
109,66 Radbuza
67%
208 Lužnice
65%
110,66 Opava
65%
180,8 Jihlava
64%
98,39 Svitava
62%
61,57 Bečva
61%
54,79 Ostravice
56%
101,75 Tichá Orlice
56%
105,97 Chrudimka
54%
87,27 Cidlina
54%
99,3 Divoká Orlice
53%
101,44 Ploučnice
51%
78,14 Úpa
50%
81,96 Bílina
47%
78,18 Metuje
47%
99,24 Oslava
47%
65,06 Teplá
47%
103,89 Želivka
46%
99,3 Malše
43%
56,04 Nežárka
42%
99 Olše
42%
100,53 Moravice
40%
88,34 Doubrava
32%
101,65 Střela
32%
94,73 Blanice (přítok Otavy)
30%
66,02 Blanice (přítok Sázavy)
30%
37,75 Kamenice (přítok Jizery)
30%
35,6 Kamenice (přítok Labe)
30%
43,36 Desná
29%
54,3 Teplá Vltava
29%
35,8 Haná
28%
40,57 Bělá
27%
62,71 Bystřice (přítok Cidliny)
26%
56,14 Bystřice (přítok Moravy)
26%
88,17 Rokytná
26%
80,28 Loučná
25%
252 Lužická Nisa
25%
58,55 Litava
24%
88,13 Kyjovka
23%
59,27 Lomnice
23%
59,38 Vsetínská Bečva
23%
81,72 Jevišovka
22%
35,7 Opavice
22%
37,18 Rokytka
22%
37,98 Rožnovská Bečva
22%
41,62 Dřevnice
21%
54,93 Litavka
21%
68,2 Moravská Dyje
20%
50,43 Chomutovka
18%
53,91 Moravská Sázava
18%
64,72 Loděnice
17%
38,6 Lučina
17%
49,62 Mrlina
17%
52,34 Skalice
17%
51,22 Klabava
16%
44,9 Olšava
16%
49,58 Romže
16%
58,38 Stropnice
16%
62,61 Bobrůvka
15%
40,24 Velička
15%
55,84 Želetavka
15%
37,59 Bobrava
14%
56,65 Dědina
14%
47,65 Kocába
14%
46,38 Liboc
14%
41,55 Mohelka
14%
50,29 Oskava
14%
38,88 Říčka
14%
51,9 Smědá
14%
62 Stěnava
14%
48,23 Třebůvka
14%
41,42 Úhlavka
14%
61,89 Výrovka
14%
45,57 Moštěnka
13%
34,2 Oleška
13%
41,68 Trkmanka
13%
56,28 Trnava
13%
37,52 Vlkava
13%
45,31 Blata
12%
50,79 Blšanka
12%
39,05 Javorka
12%
41,25 Ostružná
12%
41,17 Třebovka
12%
43,66 Třemošná
12%
47,6 Vlára
12%
34,2 Zdobnice
12%
39,4 Merklínka
11%
49,2 Novohradka
10%
37,1 Lubina
9%
47,79 Smutná
9%
40,26 Klejnárka
8%
35,1 Sitka
8%
46,13 Volyňka
8%
65,5 Osoblaha
7%
36,7 Rolava
7%
37,89 Libochovka
6%
29,2 Šatava
6%
39 Šlapanka
6%
37,1 Chotýšanka
5%
No matching quizzes found
Score Distribution
Percent of People with Each Score
Percentile by Number Answered
Your Score History
You have not taken this quiz since the last reset